| 000 | 00904cam a2200265 a 4500 | ||
|---|---|---|---|
| 020 | _a0958665745 | ||
| 040 | _cDLC | ||
| 082 | 0 | 0 | _a940 OCE 1999 A099 Or. |
| 245 | 0 | 3 |
_aEl Tigre : _bFrank Holland, M.B.E. - commando, coastwatcher / |
| 260 |
_aYarram, Vic., Australia : _bOceans Enterprises, _c[1999] |
||
| 300 |
_a193, [32] p. : _bill., maps ; _c25 cm. |
||
| 500 | _a"Based on the files of Lt. Frank Holland"--P. [iii]. | ||
| 500 | _a"Wartime rescue operations in New Britain"--P. [iii]. | ||
| 500 | _a"'Z' Special Unit operations in Portugese Timor and Borneo"--P. [iii]. | ||
| 650 | 0 | _aWorld War, 1939-1945 | |
| 650 | 0 | _aWorld War, 1939-1945 | |
| 650 | 0 | _aWorld War, 1939-1945 | |
| 650 | 0 | _aCommando troops | |
| 650 | 0 | _aSpecial forces (Military science) | |
| 700 | 1 | _aStone, Peter, | |
| 700 | 1 | _aHolland, Mabel. | |
| 700 | 1 | _aHolland, John, | |
| 700 | 1 | _aHolland, Frank, | |
| 942 | _cEK | ||
| 999 |
_c12349 _d12349 |
||